Auditoría computacional
Αποθηκεύτηκε σε:
| Κύριος συγγραφέας: | |
|---|---|
| Μορφή: | Βιβλίο |
| Γλώσσα: | Ισπανικά |
| Έκδοση: |
Santiago
Ediar-Conosur
1987
|
| Θέματα: | |
| Ετικέτες: |
Προσθήκη ετικέτας
Δεν υπάρχουν, Καταχωρήστε ετικέτα πρώτοι!
|
MARC
| LEADER | 00000nam a2200000 a 4500 | ||
|---|---|---|---|
| 001 | UCQ0635 | ||
| 003 | CL-VaPUC | ||
| 008 | 980703e19870600CL |||||||||||||||||spa|d | ||
| 082 | 0 | 4 | |a 657.45 |b LEO |2 21 |
| 100 | 0 | |a León Morales, Jorge |e author |9 413869 | |
| 245 | 1 | 0 | |a Auditoría computacional |
| 300 | |a 120 p | ||
| 942 | |c BK | ||
| 945 | |d 19980703 00:00:00 |a cmena | ||
| 260 | |a Santiago |b Ediar-Conosur |c 1987 | ||
| 650 | 0 | |a Auditoría |9 307008 | |
| 650 | 0 | |a Aplicaciones de computadores |9 260401 | |
| 650 | 0 | |a Análisis de sistemas |9 260059 | |
| 650 | 0 | |a Contabilidad de costos |9 260564 | |
| 650 | 0 | |a Costos |9 261063 | |
| 650 | 0 | |a Estados de cuentas |9 352305 | |
| 650 | 0 | |a Administración financiera |9 261146 | |
| 650 | 0 | |a Bases de datos |9 260577 | |
| 650 | 0 | |a Software |9 387312 | |
| 583 | |a last modification |c 19980703 00:00:00 |k Rodrigo Vera | ||
| 999 | |c 271673 |d 271671 | ||
| 952 | |0 0 |1 0 |4 0 |6 657_450000000000000_LEO_1987 |7 0 |8 A |9 306400 |a BIBGIM |b BIBGIM |d 2019-11-20 |i 1428578 |l 1 |o 657.45 LEO 1987 |p 1428578 |r 2025-01-15 |s 2022-03-17 |w 2019-11-20 |y BK |k COM | ||